000 01332nam0a2200337 4500
001 RU\NLR\BIBL_A\011391506
005 20241103081707.0
010 _a9785353083726
021 _aRU
_b2017-30316
_92233
035 _a(RuMoRGB)008869248
035 _a(NLR Aleph) 011391506
090 _a11454853
_c11454853
100 _a20170523d2017 d y0rusy50 ca
101 1 _arus
_ceng
102 _aRU
105 _aa|||j 001zy
200 1 _aНасекомые
_e[энциклопедия для детей
_eопределитель
_eдля среднего школьного возраста]
_f[Рэйчел Ферт, Луи Стоуэлл
_gперевод с английского В. В. Свечникова
_gиллюстрации: Дэн Пирсон и др.]
210 _aМосква
_cРОСМЭН
_d2017
215 _a78, [1] с.
_cцв. ил.
_d27
225 1 _aПрирода в деталях
300 _aУказ. в конце кн.
606 _aНасекомые
_jЭнциклопедии для детей
_9889050
_3RU\NLR\AUTH\66905
686 _aШ9:Е691.89я2(2)
_2rubbk
686 0 _aШ9
_bЕ691.89
702 1 _aФирт
_bР.
_gРэйчел
_4220
702 1 _aПирсон
_bД.
_gДэн
_4040
942 _cBOOK
980 _aNBR